[Event "Korinthos op 3rd"]
[Site "Korinthos"]
[Date "1999.07.11"]
[Round "8"]
[White "Markidis, Konstantinos"]
[Black "Vuckovic, Bojan"]
[Result "1-0"]
[WhiteElo "2295"]
[BlackElo "2433"]

1.e4 c5 2.Nf3 d6 3.Bb5+ Bd7 4.Bxd7+ Qxd7 5.O-O Nc6 6.b3 Nf6 7.Re1 e6 8.Bb2 Be7
9.d4 cxd4 10.Nxd4 O-O 11.c4 Rfd8 12.Nc3 Rac8 13.Qd2 b6 14.Rad1 a6 15.Qe2 Qb7
16.Nxc6 Rxc6 17.Rd3 b5 18.cxb5 axb5 19.e5 Ne8 20.Ne4 dxe5 21.Rxd8 Bxd8 22.Bxe5 b4
23.Qd3 Be7 24.Nd2 Ra6 25.Qc2 Qa8 26.Ra1 Nd6 27.h3 Nf5 28.Nf3 Ra5 29.Qe2 Bc5
30.Qd2 f6 31.Qd7 Qd5 32.Qxd5 exd5 33.Bb2 Ng3 34.Ne1 Ne2+ 35.Kf1 Nf4 36.h4 Ng6
37.g3 Ne5 38.f4 Ng4 39.Nd3 Bd6 40.Ke2 h5 41.Bc1 Nh6 42.Bd2 Nf5 43.Bxb4 Nxg3+
44.Kf3 Bxb4 45.Kxg3 Bc3 46.Rc1 d4 47.a4 Ra8 48.Kf3 Re8 49.Rd1 Re3+ 50.Kf2 Rh3
51.Kg2 Rxh4 52.b4 Rg4+ 53.Kf3 Rg6 54.b5 f5 55.Ne5 Re6 56.Nc4 Re8 57.b6 Kf8
58.b7 Ke7 59.Rb1 Rb8 60.a5 Kd7 61.a6 Kc7 62.Rb6 Ba5 63.Rb5  1-0

[Event "Tan Chin Nam Cup 5th"]
[Site "Shenyang"]
[Date "1999.07.13"]
[Round "5"]
[White "Peng Xiaomin"]
[Black "Wang Zili"]
[Result "1/2-1/2"]
[WhiteElo "2574"]
[BlackElo "2524"]

1.e4 c5 2.Nf3 d6 3.Bb5+ Bd7 4.Bxd7+ Qxd7 5.c4 Nc6 6.Nc3 Ne5 7.d4 Nxf3+ 8.gxf3 cxd4
9.Qxd4 Nf6 10.Bg5 Qc6 11.Bxf6 gxf6 12.O-O-O Rg8 13.Kb1 Rg6 14.f4 b6 15.f5 Rg4
16.Rdg1 Rh4 17.f3 Bh6 18.Qf2 Bg5 19.Nd5 Kd7 20.f4 Rxf4 21.Nxf4 Qxe4+ 22.Qc2 Qxc2+
23.Kxc2 Bxf4 24.Rg7 h5 25.h4 Rc8 26.Kd3 a5 27.Rhg1 Rc5 28.Rxf7 d5 29.cxd5 Bd6
30.Rf1 Rxd5+ 31.Kc3 Rc5+ 32.Kd3 Rd5+ 33.Kc3 Rc5+ 34.Kd3  1/2-1/2

[Event "Politiken Cup"]
[Site "Copenhagen"]
[Date "1999.07.14"]
[Round "11"]
[White "Larsen, Karsten"]
[Black "Peelen, Piet"]
[Result "1/2-1/2"]
[WhiteElo "2281"]
[BlackElo "2382"]

1.e4 c5 2.Nf3 d6 3.Bb5+ Bd7 4.Bxd7+ Qxd7 5.O-O Nf6 6.Re1 Nc6 7.b3 e6 8.c4 Be7
9.Nc3 O-O 10.d4 cxd4 11.Nxd4 Rfd8 12.Bb2 Rac8 13.Rc1 a6 14.Nxc6 Rxc6 15.Qe2 Rcc8
16.Rcd1 Qc6 17.Qd3 Ne8 18.Qg3 Qc7 19.Re2 Rb8 20.Red2 Bf8 21.a4 g6 22.Qd3 Bh6
23.Re2 Bg7 24.Red2 Be5 25.g3 Qc5 26.Kg2 Bg7 27.f4 Qc6 28.h3 Qb6 29.Qc2 Rbc8
30.Ba3 Qc6 31.Bb2 Bf6 32.Kh2 Qc7 33.Qd3 Qb6 34.Qc2 Qa5 35.Rd3 b5 36.axb5 axb5
37.e5 bxc4 38.bxc4 dxe5 39.Ne4 Be7 40.Rxd8 Rxd8 41.Rxd8 Bxd8 42.Bxe5 Qa8
43.c5 Qc6 44.Qd3 Be7 45.Qd4 Qd5 46.Qa4 Kf8 47.c6 f5 48.Nf2 Bc5 49.Qc2 Bxf2
50.Qxf2 Qxc6 51.Qa7 Qc2+ 52.Kg1 Qd1+ 53.Kg2 Qe2+ 54.Kg1 Qe1+ 55.Kg2 Qe2+
56.Kg1 Qf3 57.Kh2 Qe2+  1/2-1/2

[Event "Tan Chin Nam Cup 5th"]
[Site "Shenyang"]
[Date "1999.07.15"]
[Round "7"]
[White "Zhang Zhong"]
[Black "Sutovskij, Emil"]
[Result "1/2-1/2"]
[WhiteElo "2541"]
[BlackElo "2587"]

1.e4 c5 2.Nf3 d6 3.Bb5+ Bd7 4.Bxd7+ Qxd7 5.c4 Nc6 6.d4 cxd4 7.Nxd4 Nf6 8.Nc3 Qg4
9.Qxg4 Nxg4 10.Nxc6 bxc6 11.Bf4 Rb8 12.b3 g6 13.Rc1 Bg7 14.c5 Bd4 15.O-O e5
16.Bg3 Bxc5 17.h3 Nf6 18.Bh4 Nh5 19.Na4 Bd4 20.Rxc6 Kd7 21.Rfc1 Rhc8 22.Rxc8 Rxc8
23.Rxc8 Kxc8 24.Kf1 Kd7 25.f3 f5 26.a3 fxe4 27.fxe4 d5 28.exd5 Kd6 29.Be1 Kxd5
30.Nc3+ Bxc3 31.Bxc3 Ng3+ 32.Ke1 Ne4 33.Ba1 Nc5 34.b4 Nd3+ 35.Ke2 Nf4+ 36.Kf3 g5
37.Bc3 e4+ 38.Kf2 Kc4 39.Bd2 Kd3 40.Be3 a6 41.h4 h6 42.hxg5 hxg5 43.a4 Nd5
44.Bxg5 Nxb4 45.g4 Nc2 46.Bh4 Nd4 47.Bg5 Nc2 48.Bh4 Nd4 49.Bg5 Nf3 50.Bf4 Nh4
51.Be3 Ng6 52.Ba7 Nf4 53.Kg3 Ne6 54.Kf2 Ng5 55.Bb6 Nf3 56.Kg3 Nd4 57.Bxd4 Kxd4
58.Kf2 e3+ 59.Ke2 Ke4 60.g5 Kf5  1/2-1/2

[Event "Komercni Banka op"]
[Site "Pardubice"]
[Date "1999.07.17"]
[Round "2"]
[White "Scetinin, Alexander"]
[Black "Szekely, Peter"]
[Result "1/2-1/2"]
[WhiteElo "2320"]
[BlackElo "2436"]

1.e4 c5 2.Nf3 d6 3.Bb5+ Bd7 4.Bxd7+ Qxd7 5.c4 Nf6 6.d3 g6 7.O-O Nc6 8.Nc3 Bg7
9.h3 O-O 10.Be3 b6 11.Qd2  1/2-1/2

[Event "S&W Young Masters 9th"]
[Site "Witley"]
[Date "1999.07.17"]
[Round "1"]
[White "Zalkind, Karmi"]
[Black "Hunt, Adam"]
[Result "1-0"]
[WhiteElo "2216"]
[BlackElo "2288"]

1.e4 c5 2.Nf3 d6 3.Bb5+ Bd7 4.Bxd7+ Qxd7 5.c4 Nc6 6.Nc3 g6 7.d4 cxd4 8.Nxd4 Bg7
9.Nde2 Nf6 10.O-O O-O 11.f3 Rfd8 12.Bg5 Rac8 13.Kh1 Ne8 14.Qd2 Nc7 15.Rad1 Qe8
16.Qe3 a6 17.Nd5 Nxd5 18.exd5 Ne5 19.b3 b5 20.f4 Ng4 21.Qf3 Qd7 22.h3 Nf6
23.Nd4 bxc4 24.Nc6 Re8 25.bxc4 e6 26.Bxf6 Bxf6 27.g4 Bg7 28.Rd2 exd5 29.cxd5 f5
30.Rg2 Kh8 31.Qd3 Re4 32.gxf5 Rce8 33.Ne5 Qa4 34.Nf7+ Kg8 35.fxg6 hxg6 36.Nxd6 Re3
37.Qxg6 Rxh3+ 38.Rh2 Rxh2+ 39.Kxh2 Re2+ 40.Kh1 Qd7 41.f5 Kf8 42.Rc1  1-0

[Event "Komercni Banka op"]
[Site "Pardubice"]
[Date "1999.07.18"]
[Round "3"]
[White "Klip, Hans"]
[Black "Ovsejevitsch, Sergei"]
[Result "0-1"]
[WhiteElo "2357"]
[BlackElo "2515"]

1.e4 c5 2.Nf3 d6 3.Bb5+ Nc6 4.O-O Bd7 5.c3 Nf6 6.Re1 a6 7.Ba4 b5 8.Bc2 e5
9.h3 c4 10.a4 b4 11.b3 cxb3 12.Bxb3 Be7 13.cxb4 Nxb4 14.Bxf7+ Kxf7 15.Qb3+ d5
16.exd5 Bd6 17.Nxe5+ Bxe5 18.Rxe5 Re8 19.d6+ Kf8 20.Bb2 Rb8 21.Qc4 Nc6 22.Rxe8+ Qxe8
23.Qc1 Qg6 24.Ra3 Nd4 25.Re3 Bxh3  0-1

[Event "Komercni Banka op"]
[Site "Pardubice"]
[Date "1999.07.19"]
[Round "4"]
[White "Oral, Tomas"]
[Black "Korobov, Anton"]
[Result "1/2-1/2"]
[WhiteElo "2541"]
[BlackElo "2336"]

1.e4 c5 2.Nf3 d6 3.Bb5+ Bd7 4.Bxd7+ Qxd7 5.c4 Nc6 6.Nc3 Nf6 7.O-O g6 8.d4 cxd4
9.Nxd4 Bg7 10.Nde2 O-O 11.f3 e6 12.Bg5 h6 13.Be3 Rad8 14.Qc1 Kh7 15.Rd1 Rfe8
16.Bc5 dxc5 17.Rxd7 Nxd7 18.f4 Nd4 19.e5 f6 20.exf6 Nxf6 21.Ng3 e5 22.fxe5 Ng4
23.Qf4 Nxe5 24.h4 Ne6 25.Qe4 Rd4 26.Qxb7 Rxh4 27.Re1 Nd8 28.Qc7 Nf3+ 29.gxf3 Rxe1+
30.Kf2 Re8 31.Nge4 Rf8 32.Kg3 Rh1 33.Nd5 Ne6 34.Qe7 Nd4 35.Ndf6+ Kh8 36.Qxc5 Nf5+
37.Kg2 Rb1 38.b4 Rb2+ 39.Kh3 Rg2 40.Nd7 Re8 41.Nef6 Bxf6 42.Nxf6 Re7 43.Qd5 Kg7
44.Nh5+ Kh7 45.Nf6+ Kg7 46.Nh5+ Kh7  1/2-1/2

[Event "Komercni Banka op"]
[Site "Pardubice"]
[Date "1999.07.19"]
[Round "4"]
[White "Breder, Dennis"]
[Black "Groszpeter, Attila"]
[Result "1/2-1/2"]
[WhiteElo "2256"]
[BlackElo "2480"]

1.e4 c5 2.Nf3 d6 3.Bb5+ Bd7 4.Bxd7+ Nxd7 5.O-O Ngf6 6.Qe2 e6 7.d4 cxd4 8.Nxd4 a6
9.c4 g6 10.Rd1 Bg7 11.Nf3 Qc7 12.Nc3 O-O 13.Bf4 Ne5 14.Nxe5 dxe5 15.Bd2 Rac8
16.b3 Rfe8 17.Rac1 Bf8 18.Bg5 Nd7 19.Na4  1/2-1/2

[Event "Arthur Dake Int"]
[Site "San Francisco"]
[Date "1999.07.19"]
[Round "8"]
[White "Ginsburg, Mark"]
[Black "Paragua, Mark"]
[Result "1/2-1/2"]
[WhiteElo "2381"]
[BlackElo "2268"]

1.e4 c5 2.Nf3 d6 3.Bb5+ Nd7 4.d4 Nf6 5.Nc3 a6 6.Bxd7+ Nxd7 7.Bg5 h6 8.Bh4 g5
9.Bg3 Bg7 10.dxc5 Nxc5 11.Nd4 Qb6 12.Nd5 Qxb2 13.e5 O-O 14.Nxe7+ Kh7 15.O-O Bxe5
16.Bxe5 dxe5 17.Ndf5 Bxf5 18.Nxf5 Qb6 19.Qf3 Qf6 20.Rab1 Rac8 21.Rfd1 Rcd8
22.c4 e4 23.Qg4 Rd3 24.Ne3 Qf4 25.Qh5 Rxe3 26.Rb6 Nd3 27.Qxh6+ Kg8 28.Rg6+  1/2-1/2

[Event "Komercni Banka op"]
[Site "Pardubice"]
[Date "1999.07.21"]
[Round "6"]
[White "Breder, Dennis"]
[Black "Hracek, Zbynek"]
[Result "0-1"]
[WhiteElo "2256"]
[BlackElo "2629"]

1.e4 c5 2.Nf3 d6 3.Bb5+ Bd7 4.Bxd7+ Qxd7 5.c4 Nc6 6.d4 cxd4 7.Nxd4 g6 8.Nc3 Bg7
9.Nde2 Nf6 10.O-O O-O 11.f3 a6 12.a4 e6 13.Bg5 Rfe8 14.b3 h6 15.Bh4 Rad8
16.Ra2 Qc7 17.Rd2 Qa5 18.Kh1 g5 19.Be1 Qb6 20.Bf2 Qb4 21.Na2 Qa5 22.Rxd6 Rxd6
23.Qxd6 Rd8 24.Qc5 Qd2 25.Nac1 Nh5 26.Qe3 Nf4 27.Re1 Qc2 28.Ng1 Bd4  0-1

[Event "Komercni Banka op"]
[Site "Pardubice"]
[Date "1999.07.22"]
[Round "7"]
[White "Kabanov, Nikolai"]
[Black "David, Alberto"]
[Result "1/2-1/2"]
[WhiteElo "2265"]
[BlackElo "2544"]

1.e4 c5 2.Nf3 d6 3.Bb5+ Nc6 4.Bxc6+ bxc6 5.O-O e5 6.c3 f5 7.exf5 Bxf5 8.d4 cxd4
9.cxd4 e4 10.Qc2 Rc8 11.Nc3 d5 12.Ne5 Qb6 13.Be3 Bd6 14.g4 Be6 15.f4 exf3
16.Rxf3  1/2-1/2

[Event "Komercni Banka op"]
[Site "Pardubice"]
[Date "1999.07.22"]
[Round "7"]
[White "Miroshnichenko, Evgeny"]
[Black "Jirovsky, Milos"]
[Result "1/2-1/2"]
[WhiteElo "2483"]
[BlackElo "2458"]

1.e4 c5 2.Nf3 d6 3.Bb5+ Bd7 4.Bxd7+ Qxd7 5.c4 Nc6 6.d4 Qg4 7.d5 Qxe4+ 8.Be3 Nd4
9.Qa4+ b5 10.Qa6 Nc2+ 11.Kd1 Rb8 12.Nbd2 Qf5 13.Qxa7 Rd8 14.Rc1 Nxe3+ 15.fxe3 b4
16.a3 bxa3 17.bxa3 Nf6 18.Rb1 e5 19.Rb7 Nd7 20.e4 Qg4 21.Kc2 Be7 22.Rhb1 f5  1/2-1/2

[Event "Dutch Open"]
[Site "Dieren"]
[Date "1999.07.24"]
[Round "5"]
[White "Van den Doel, Erik"]
[Black "Willemze, Jeroen"]
[Result "1-0"]
[WhiteElo "2528"]
[BlackElo "2269"]

1.e4 c5 2.Nf3 d6 3.Bb5+ Bd7 4.Bxd7+ Qxd7 5.O-O Nf6 6.e5 dxe5 7.Nxe5 Qc8 8.d4 e6
9.Bg5 Be7 10.Ng4 Nbd7 11.Nc3 h6 12.Nxf6+ Nxf6 13.Bxf6 gxf6 14.d5 Qd7 15.dxe6 Qxd1
16.exf7+ Kxf7 17.Rfxd1 Rhd8 18.Kf1 c4 19.Rxd8 Rxd8 20.Rd1 Rb8 21.Rd7  1-0

[Event "Paris-ch"]
[Site "Paris"]
[Date "1999.07.24"]
[Round "8"]
[White "Skripchenko, Almira"]
[Black "Te, Roza"]
[Result "1-0"]
[WhiteElo "2456"]
[BlackElo "2280"]

1.e4 c5 2.Nf3 d6 3.Bb5+ Bd7 4.Bxd7+ Qxd7 5.O-O Nc6 6.b3 Nf6 7.Re1 e6 8.Bb2 Be7
9.d4 cxd4 10.Nxd4 O-O 11.c4 Nxd4 12.Qxd4 b5 13.cxb5 Qxb5 14.Nc3 Qa5 15.Re3 Rfd8
16.Rg3 Nh5 17.Nd5 exd5 18.Rxg7+ Kf8 19.Rg8+  1-0

[Event "Paris-ch"]
[Site "Paris"]
[Date "1999.07.24"]
[Round "8"]
[White "Shirazi, Kamran G"]
[Black "Abergel, Thal"]
[Result "1-0"]
[WhiteElo "2391"]
[BlackElo "2231"]

1.e4 c5 2.Nf3 d6 3.Bb5+ Bd7 4.Bxd7+ Nxd7 5.O-O Ngf6 6.Re1 g6 7.c3 Bg7 8.d4 e6
9.e5 dxe5 10.dxe5 Nd5 11.Bg5 Qc7 12.c4 N5b6 13.Qe2 O-O 14.Nc3 a6 15.Qe4 Nb8
16.Qh4 Nc6 17.Ne4 Nd7 18.Nf6+ Nxf6 19.exf6 Bh8 20.Qh6 Rfe8 21.Re4 Qd8 22.Rh4 Bxf6
23.Qxh7+ Kf8 24.Rf4  1-0

[Event "S&W Young Masters 9th"]
[Site "Witley"]
[Date "1999.07.24"]
[Round "9"]
[White "Pert, Richard G"]
[Black "Palliser, Richard"]
[Result "1/2-1/2"]
[WhiteElo "2308"]
[BlackElo "2253"]

1.e4 c5 2.Nf3 d6 3.Bb5+ Bd7 4.Bxd7+ Qxd7 5.c4 Nc6 6.O-O g6 7.d4 cxd4 8.Nxd4 Bg7
9.Be3 Nf6 10.f3 O-O 11.Nc3 Rfc8 12.b3 a6 13.Na4 Qd8 14.Qd2 Rab8 15.Nxc6 Rxc6
16.Rac1 b5 17.cxb5 Rxc1 18.Rxc1 axb5 19.Nc3 Qa5 20.Nd5 Qxd2 21.Nxf6+ Bxf6
22.Bxd2 Ra8 23.Rc2 Be5 24.h3 h5 25.Kf1 f5 26.Ke2 fxe4 27.fxe4 Kf7 28.Kd3 Ke6
29.Be3 d5 30.exd5+ Kxd5 31.Rc5+ Ke6 32.Ke4 Bd6 33.Rc2 Ra6 34.Bd4 Ra8  1/2-1/2

[Event "Aceimar op 6th"]
[Site "Mondariz Balneario"]
[Date "1999.07.30"]
[Round "4"]
[White "Gomez Lopez, Roberto"]
[Black "Suba, Mihai"]
[Result "0-1"]
[WhiteElo "2218"]
[BlackElo "2509"]

1.e4 c5 2.Nf3 d6 3.Bb5+ Nd7 4.d4 Nf6 5.e5 Qa5+ 6.Nc3 Ne4 7.Bd2 Nxc3 8.Bxd7+ Bxd7
9.Bxc3 Qa6 10.Qd2 f6 11.exd6 exd6 12.a3 Be7 13.O-O-O O-O-O 14.Rhe1 Rhe8 15.d5 Qc4
16.b3 Qg4 17.Qd3 Bf5 18.Qf1 Bg6 19.Ba5 Rd7 20.a4 Bd8 21.Rxe8 Bxe8 22.Bxd8 Kxd8
23.Nd2 Bg6 24.f3 Qd4 25.Qc4 Qa1+ 26.Nb1 Re7 27.Qc3 Re2  0-1

[Event "Lost Boys op"]
[Site "Antwerp"]
[Date "1999.07.31"]
[Round "2"]
[White "Zoler, Dan"]
[Black "Dunworth, Christopher"]
[Result "1-0"]
[WhiteElo "2529"]
[BlackElo "2308"]

1.e4 c5 2.Nf3 d6 3.Bb5+ Nd7 4.O-O Nf6 5.Re1 a6 6.Bf1 Qc7 7.b3 g6 8.Bb2 Bg7
9.d4 cxd4 10.Nxd4 O-O 11.c4 b6 12.Nc3 e6 13.Rc1 Bb7 14.Qd2 Rfd8 15.f3 Rac8
16.Red1 Qb8 17.Qf2 Ne5 18.Na4 Ba8 19.Re1 Nfd7 20.Rcd1 Nc6 21.Nxc6 Bxc6 22.Bxg7 Kxg7
23.Nc3 e5 24.f4 exf4 25.Ne2 b5 26.cxb5 axb5 27.Nxf4 Ne5 28.Nd5 Bxd5 29.Rxd5 Rc5
30.Rxc5 dxc5 31.Qxc5 Rd2 32.Re2 Rd1 33.Rc2 Ng4 34.g3 Qd8 35.Qc3+ Kh6 36.Qf3 Qd4+
37.Kh1 Rxf1+ 38.Qxf1 Qxe4+ 39.Rg2 Ne3 40.Qf4+ Qxf4 41.gxf4 Nxg2 42.Kxg2 Kg7
43.a4 bxa4 44.bxa4  1-0

[Event "Aceimar op 6th"]
[Site "Mondariz Balneario"]
[Date "1999.07.31"]
[Round "5"]
[White "Delgado Palomeque, Marco A"]
[Black "Franco Alonso, Alejandro"]
[Result "0-1"]
[WhiteElo "2106"]
[BlackElo "2204"]

1.e4 c5 2.Nf3 d6 3.Bb5+ Bd7 4.Bxd7+ Qxd7 5.O-O Nc6 6.c3 Nf6 7.d4 Nxe4 8.d5 Ne5
9.Nxe5 dxe5 10.Re1 Nd6 11.Rxe5 O-O-O 12.Re1 Nf5 13.c4 g6 14.Bf4 Bg7 15.Nc3 Nd6
16.Rc1 Rhe8 17.Na4 Bd4 18.b4 Qf5 19.Bg3 Ne4 20.bxc5 Bxf2+ 21.Bxf2 Qxf2+ 22.Kh1 f5
23.Qb3 Nxc5 24.Nxc5 Qxc5 25.Rb1 Rd7 26.Re6 Rc7 27.Qa4 Rd8 28.Rbe1 Kb8 29.Rc1 Qxd5
30.Rxe7 Rxc4 31.Rxb7+ Kxb7 32.Qb3+ Ka8  0-1

[Event "Scandic Hotels CC (Women)"]
[Site "Stockholm"]
[Date "1999.07.31"]
[Round "1"]
[White "Klinova, Masha"]
[Black "Paasikangas, Johanna"]
[Result "0-1"]
[WhiteElo "2359"]
[BlackElo "2249"]

1.e4 c5 2.Nf3 d6 3.Bb5+ Nd7 4.O-O a6 5.Bxd7+ Bxd7 6.d4 e6 7.c4 cxd4 8.Nxd4 Nf6
9.f3 Rc8 10.b3 Be7 11.a4 O-O 12.Be3 e5 13.Ne2 b5 14.cxb5 axb5 15.a5 b4 16.Bb6 Qe8
17.Ng3 Be6 18.Re1 d5 19.Nd2 d4 20.f4 exf4 21.Nf5 d3 22.Qf3 Bxf5 23.exf5 Qd7
24.Nc4 Nd5 25.Rad1 Nxb6 26.axb6 Bc5+ 27.Kh1 Qxf5 28.Rxd3 Qf6 29.Rf1 Rcd8
30.Rxd8 Rxd8 31.b7 Rb8 32.Qd5 Qe7 33.Na5 Bb6 34.Nc6 Qxb7 35.Nxb4 Be3  0-1

[Event "Montecatini Terme op 8th"]
[Site "Montecatini Terme"]
[Date "1999.08.01"]
[Round "2"]
[White "Gagliardi, Pietro"]
[Black "De Gleria, Francesco"]
[Result "0-1"]
[WhiteElo "2204"]
[BlackElo "2422"]

1.e4 c5 2.Nf3 d6 3.Bb5+ Bd7 4.Bxd7+ Qxd7 5.c4 Nc6 6.O-O g6 7.d4 cxd4 8.Nxd4 Bg7
9.Be3 Nf6 10.f3 O-O 11.Nc3 Rac8 12.b3 Qd8 13.Qd2 Qa5 14.Rac1 Nd7 15.Rfd1 Rfe8
16.Nde2 Nc5 17.Nd5 Qxd2 18.Rxd2 Ne5 19.Rcd1 b6 20.Nd4 Kf8 21.Nb5 a6 22.Nd4 Rb8
23.Bg5 Rb7 24.Nc3 Rc8 25.Be3 Nc6 26.Nce2 Nxd4 27.Nxd4 Nd7 28.Kf2 b5 29.cxb5 axb5
30.Ke2 b4 31.Rc2 Nc5 32.Rc4 Ra8 33.Rd2 Ke8 34.Rdc2 Rba7 35.Rxb4 Rxa2 36.Rc4 Rxc2+
37.Rxc2 Rb8 38.b4 Rxb4 39.Nc6 Rb6 40.Bxc5 Rxc6  0-1

[Event "USA-ch (junior)"]
[Site "San Francisco"]
[Date "1999.08.01"]
[Round "5"]
[White "Akopyan, Harutyun"]
[Black "Zaremba, Andre"]
[Result "1-0"]
[WhiteElo "2269"]
[BlackElo "2336"]

1.e4 c5 2.Nf3 d6 3.Bb5+ Bd7 4.Bxd7+ Nxd7 5.O-O g6 6.c3 Ngf6 7.Qe2 Bg7 8.d4 cxd4
9.cxd4 e6 10.Nc3 O-O 11.e5 dxe5 12.dxe5 Ng4 13.Rd1 Qc8 14.Bf4 Nb6 15.Rac1 Qc4
16.Qd2 f6 17.b3 Qc6 18.exf6 Bxf6 19.Na4 Qb5 20.Qd6 Rae8 21.h3 e5 22.Nc3 Qc6
23.Qxc6 bxc6 24.Bd2 Nxf2 25.Kxf2 e4 26.Bh6 Bg7 27.Bxg7 Kxg7 28.Nxe4 Rxe4
29.Rxc6 Rf7 30.Rd2 Kh6 31.Rcd6 Rb4 32.Kg3 Rf5 33.Nd4 Rg5+ 34.Kf3 Nd5 35.g4 Ne7
36.Rd7 Re5 37.Rxa7 Rb8 38.Re2 Nc6 39.Rxe5 Nxd4+ 40.Kg3 Nc6 41.g5+ Kh5 42.Rxh7+  1-0

[Event "BCF-ch 86th"]
[Site "Scarborough"]
[Date "1999.08.01"]
[Round "1"]
[White "Rayner, Francis"]
[Black "Gormally, Daniel"]
[Result "0-1"]
[WhiteElo "2218"]
[BlackElo "2476"]

1.e4 c5 2.Nf3 d6 3.Bb5+ Nc6 4.O-O Bg4 5.h3 Bh5 6.c3 Qb6 7.Na3 a6 8.Ba4 Qc7
9.d4 b5 10.Nxb5 axb5 11.Bxb5 O-O-O 12.Qa4 Nb8 13.Be3 Bxf3 14.gxf3 Nf6 15.b4 c4
16.d5 Nfd7 17.Rfd1 g6 18.Bd4 Rg8 19.Qc2 Bg7 20.Qe2 Ne5 21.a4 Nd3 22.Qe3 Bxd4
23.cxd4 Kb7 24.Rd2 Qc8 25.Rc2 Qxh3 26.Bxc4 g5 27.Bxd3 g4 28.f4 g3 29.f3 g2
30.Kf2 Qg3+ 31.Kg1 Qh4 32.Rxg2 Rxg2+ 33.Kxg2 Rg8+ 34.Kf1 Qh1+  0-1

[Event "Scandic Hotels CC (Women)"]
[Site "Stockholm"]
[Date "1999.08.02"]
[Round "3"]
[White "Vuksanovic, Sanja"]
[Black "Paasikangas, Johanna"]
[Result "1-0"]
[WhiteElo "2331"]
[BlackElo "2249"]

1.e4 c5 2.Nf3 d6 3.Bb5+ Nd7 4.d4 a6 5.Bxd7+ Bxd7 6.dxc5 dxc5 7.Nc3 e6 8.Ne5 Nf6
9.Bg5 Be7 10.Qe2 Qc7 11.Nxd7 Qxd7 12.O-O Qc7 13.Rad1 h6 14.Bc1 b5 15.e5 Nd7
16.f4 c4 17.Ne4 Nc5 18.Nd6+ Bxd6 19.exd6 Qc6 20.f5 O-O-O 21.fxe6 Nxe6 22.Rxf7 Rxd6
23.Rxd6 Qxd6 24.Qf3 Nc7 25.Bf4 Qc5+ 26.Kf1  1-0

[Event "USA-ch (junior)"]
[Site "San Francisco"]
[Date "1999.08.03"]
[Round "7"]
[White "Akopyan, Harutyun"]
[Black "Krush, Irina"]
[Result "0-1"]
[WhiteElo "2269"]
[BlackElo "2432"]

1.e4 c5 2.Nf3 d6 3.Bb5+ Nd7 4.O-O Nf6 5.d4 Nxe4 6.Re1 Nf6 7.dxc5 dxc5 8.Bg5 a6
9.Bxf6 gxf6 10.Bc4 Bg7 11.Nc3 O-O 12.Qe2 e6 13.a4 b6 14.Qe4 Ra7 15.Qf4 Qc7
16.Qh4 Rd8 17.Ne4 Bb7 18.Rad1 Bxe4 19.Rxe4 Nf8 20.Ree1 Ng6 21.Qg4 f5 22.Qg5 Raa8
23.g3 Bxb2 24.h4 Bg7 25.Rxd8+ Rxd8 26.h5 h6 27.Qe3 Nf8 28.Bxa6 Nd7 29.Bc4 Qd6
30.Rb1 Kh7 31.Be2 Rg8 32.Rd1 Qc7 33.Kh2 Nf6 34.Nh4 Ne4 35.Rf1 Bd4 36.Qf4 Be5
37.Qf3 Nxg3 38.Kh3 Nxf1 39.Nxf5 exf5 40.Qxf5+ Kh8  0-1

[Event "Scandic Hotels CC (Women)"]
[Site "Stockholm"]
[Date "1999.08.03"]
[Round "4"]
[White "Agrest, Svetlana"]
[Black "Vuksanovic, Sanja"]
[Result "1/2-1/2"]
[WhiteElo "2204"]
[BlackElo "2331"]

1.e4 c5 2.Nf3 d6 3.Bb5+ Bd7 4.Bxd7+ Qxd7 5.O-O Nc6 6.Re1 Nf6 7.c3 e6 8.d4 cxd4
9.Nxd4 Be7 10.Nd2 O-O 11.N2f3 Rfd8 12.Bg5 h6 13.Bh4 d5 14.exd5 Nxd4 15.Nxd4  1/2-1/2

[Event "MK Cafe Cup-A"]
[Site "Koszalin"]
[Date "1999.08.04"]
[Round "2"]
[White "Pedzich, Dominik"]
[Black "Oral, Tomas"]
[Result "1-0"]
[WhiteElo "2428"]
[BlackElo "2541"]

1.e4 c5 2.Nf3 d6 3.Bb5+ Nd7 4.d4 Nf6 5.Nc3 a6 6.Bxd7+ Nxd7 7.O-O e6 8.dxc5 Nxc5
9.Bg5 Qc7 10.Re1 f6 11.Be3 b5 12.Bxc5 Qxc5 13.Nd4 Bd7 14.Qd3 Be7 15.a4 b4
16.Nd1 O-O 17.Ne3 Rfe8 18.Rad1 Bf8 19.b3 a5 20.f4 e5 21.Nb5 Rab8 22.Nxd6 exf4
23.Qc4+ Qxc4 24.Nexc4 Red8 25.e5 fxe5 26.Rxe5 Bg4 27.Rd3 Rd7 28.h3 Bxd6 29.Nxd6 Rbd8
30.hxg4 Rxd6 31.Rxd6 Rxd6 32.Rxa5 Rg6 33.Rb5 Rxg4 34.Rxb4  1-0

[Event "MK Cafe Cup-A"]
[Site "Koszalin"]
[Date "1999.08.05"]
[Round "3"]
[White "Oral, Tomas"]
[Black "Dworakowska, Joanna"]
[Result "1-0"]
[WhiteElo "2541"]
[BlackElo "2306"]

1.e4 c5 2.Nf3 d6 3.Bb5+ Bd7 4.Bxd7+ Qxd7 5.c4 Nf6 6.Nc3 Nc6 7.O-O g6 8.d4 cxd4
9.Nxd4 Bg7 10.Nde2 O-O 11.f3 a6 12.a4 Qd8 13.Be3 Qa5 14.Kh1 Nd7 15.Rb1 Nde5
16.b3 Nxc4 17.bxc4 Bxc3 18.Bb6 Qe5 19.f4 Qg7 20.e5 Bb4 21.exd6 exd6 22.f5 Rae8
23.Nd4 a5 24.Nb5 Re4 25.Nxd6 Bxd6 26.Qxd6 Rxc4 27.f6 Qh6 28.Rbe1 Qg5 29.Be3 Qh5
30.g4 Qxg4 31.Qxf8+  1-0

[Event "MK Cafe Cup-B"]
[Site "Koszalin"]
[Date "1999.08.05"]
[Round "3"]
[White "Mashinskaya, Iulia"]
[Black "Khasin, Alexander"]
[Result "0-1"]
[WhiteElo "2289"]
[BlackElo "2511"]

1.e4 c5 2.Nf3 d6 3.Bb5+ Nd7 4.d4 Nf6 5.Nc3 a6 6.Bxd7+ Nxd7 7.O-O cxd4 8.Qxd4 e6
9.Be3 Be7 10.a4 Ne5 11.Nxe5 dxe5 12.Qb6 Qxb6 13.Bxb6 Bd7 14.Rfd1 Rc8 15.Rd3 Bb4
16.Rad1 Bc6 17.f3 f6 18.b3 Kf7 19.Nb1 f5 20.exf5 exf5 21.Nd2 Rhe8 22.Nc4 Bxa4
23.Ne3 Re6 24.Ba7 Be8 25.Nxf5 Rxc2 26.Ne3 Rc3 27.Rxc3 Bxc3 28.Nd5 Ba5 29.b4 Bd8
30.Bf2 Rd6 31.Bc5 Rd7 32.Kf2 b6 33.Be3 Ke6 34.Nc3 Rxd1 35.Nxd1 Kd5 36.Nb2 Bb5
37.Ke1 a5 38.bxa5 bxa5 39.Kd2 a4 40.Kc2 a3 41.Nd1  0-1

[Event "BCF-ch 86th"]
[Site "Scarborough"]
[Date "1999.08.05"]
[Round "5"]
[White "Dunnington, Angus J"]
[Black "Kosten, Anthony C"]
[Result "0-1"]
[WhiteElo "2366"]
[BlackElo "2515"]

1.e4 c5 2.Nf3 d6 3.Bb5+ Bd7 4.Bxd7+ Qxd7 5.O-O Nc6 6.c3 Nf6 7.Qe2 e6 8.d4 cxd4
9.cxd4 d5 10.e5 Ne4 11.Nbd2 Nxd2 12.Bxd2 Be7 13.Rac1 O-O 14.Rc2 f6 15.exf6 Bxf6
16.Bc3 Rae8 17.Re1 a6 18.Qd3 Qd6 19.a3 Rf7 20.Rce2 Rfe7 21.h3 Qf4 22.Bd2 Qf5
23.Qxf5 exf5 24.Rxe7 Rxe7 25.Rxe7 Bxe7 26.Kf1 Bf6 27.Be3 Na5 28.Ke2 Nc4 29.Bc1 h6
30.Kd3 g5 31.Ne1 Kf7 32.g4 fxg4 33.hxg4 Kg6 34.b3 Na5 35.b4 Nc4 36.Nc2 h5
37.gxh5+ Kxh5 38.Ne3 Nxe3 39.Bxe3 g4 40.Bf4 b5 41.Bg3 Kg5 42.Ke3 Kf5 43.f3 gxf3
44.Kxf3 Bxd4 45.Be1 Bb2 46.Ke3 Bxa3 47.Kd4 Ke6  0-1

[Event "MK Cafe Cup-B"]
[Site "Koszalin"]
[Date "1999.08.07"]
[Round "5"]
[White "Mashinskaya, Iulia"]
[Black "Popov, Valerij"]
[Result "1/2-1/2"]
[WhiteElo "2289"]
[BlackElo "2523"]

1.e4 c5 2.Nf3 d6 3.Bb5+ Nd7 4.d4 Nf6 5.Nc3 cxd4 6.Qxd4 e5 7.Qd3 h6 8.Be3 a6
9.Bc4 Be7 10.O-O O-O 11.Rfe1 b5 12.Bd5 Rb8 13.b4 Nxd5 14.Nxd5 Nf6 15.Nxf6+ Bxf6
16.Red1 Bb7 17.Qxd6 Qxd6 18.Rxd6 Rfd8 19.Rad1 Bxe4 20.Rxd8+ Rxd8 21.Rxd8+ Bxd8
22.Nxe5 Bxc2 23.f4 f6 24.Nc6 Be7 25.g3 Kf7 26.Kf2 Bb1 27.a3 Ke6 28.Bc5 Kd5
29.Nd4 g6 30.Nb3 Bc2 31.Nd4 Be4 32.Ke3 f5 33.h4 Bd8 34.Nb3 Bc2 35.Nd4 Bd1
36.Kd3 Bf6 37.Ba7 h5 38.Bc5 Bg4 39.Ne2 Bb2 40.Bd4 Bxd4 41.Nxd4 Bd1 42.Ke3 Bg4
43.Kd3  1/2-1/2

[Event "Scandic Hotels CC (Women)"]
[Site "Stockholm"]
[Date "1999.08.07"]
[Round "8"]
[White "Berg, Susanne"]
[Black "Paasikangas, Johanna"]
[Result "1/2-1/2"]
[WhiteElo "2062"]
[BlackElo "2249"]

1.e4 c5 2.Nf3 d6 3.Bb5+ Nd7 4.d4 Nf6 5.Nc3 cxd4 6.Qxd4 e5 7.Qd3 a6 8.Bxd7+ Bxd7
9.Bg5 Rc8 10.O-O h6 11.Bxf6 Qxf6 12.Nd5 Qd8 13.a4 Be6 14.Rfd1 Bxd5 15.Qxd5 Qc7
16.c3 Be7 17.Nd2 O-O 18.Nf1 Qb6 19.Rab1 Rc5 20.Qa2 Qc6 21.Nd2 b6 22.Ra1 Bg5
23.Nf3 Rc4 24.Rxd6 Qxe4 25.Rdd1 Rc5 26.Re1 Qf4 27.Qb3 e4 28.Nd4 Bd8 29.Ne2 Qh4
30.Ng3 Re8 31.Rad1 Bc7 32.Rd4 Rh5 33.Rd7 Qxh2+ 34.Kf1 Rf5 35.Nxf5 Qh1+ 36.Ke2 Qh5+
37.Kf1 Qh1+ 38.Ke2 Qh5+  1/2-1/2

[Event "Scandic Hotels CC (Women)"]
[Site "Stockholm"]
[Date "1999.08.07"]
[Round "8"]
[White "Klinova, Masha"]
[Black "Tsiganova, Monika"]
[Result "1/2-1/2"]
[WhiteElo "2359"]
[BlackElo "2229"]

1.e4 c5 2.Nf3 d6 3.Bb5+ Bd7 4.Bxd7+ Qxd7 5.c4 Nf6 6.Nc3 Nc6 7.d4 cxd4 8.Nxd4 e6
9.Be3 Be7 10.b3 a6 11.O-O O-O 12.f3 Nxd4 13.Qxd4 b5 14.Rfd1 Qb7 15.Rdc1 Rfc8
16.cxb5 axb5 17.a4 bxa4 18.bxa4 d5 19.exd5 Bc5 20.Qd3 Bxe3+ 21.Qxe3 Nxd5
22.Nxd5 Rxc1+ 23.Qxc1  1/2-1/2

[Event "BCF-ch 86th"]
[Site "Scarborough"]
[Date "1999.08.09"]
[Round "8"]
[White "Thiruchelvam, Thirumurugan"]
[Black "Bisby, Daniel L"]
[Result "1/2-1/2"]
[WhiteElo "2020"]
[BlackElo "2252"]

1.e4 c5 2.Nf3 d6 3.Bb5+ Nd7 4.O-O Nf6 5.Re1 a6 6.Bf1 e6 7.c3 b5 8.d4 Bb7
9.Bd3 Be7 10.Nbd2 e5 11.Nf1 O-O 12.Ng3 g6 13.a4 Qb6 14.d5 c4 15.Bc2 Nc5 16.Bh6 Rfe8
17.axb5 axb5 18.Qd2 Ng4 19.h3 Nxh6 20.Qxh6 Bf8 21.Qg5 Bg7 22.Nh2 h6 23.Qe3 Nd7  1/2-1/2